[Event "Budapest FS08 IM-A"]
[Site "Budapest"]
[Date "1995.??.??"]
[Round "10"]
[White "Meyer, P."]
[Black "Rotman, Daniel"]
[Result "1/2-1/2"]
[WhiteElo "2350"]
[BlackElo "2235"]

1.Nf3 c5 2.c4 Nf6 3.Nc3 b6 4.g3 Bb7 5.Bg2 g6 6.b3 Bg7 7.Bb2 O-O 8.O-O Na6
9.Rc1 d5 10.Nxd5 Nxd5 11.Bxg7 Kxg7 12.cxd5 Qxd5 13.d4 cxd4 14.Ne1 Qd7 15.Bxb7 Qxb7
16.Qxd4+ f6 17.Nd3 Rfd8 18.Qe3 e5 19.Rc4 Rac8 20.Rfc1 Rxc4 21.Rxc4 Nc5 22.f4 exf4
23.Qxf4 Ne6 24.Qe3 Re8 25.h4 Qd7 26.Re4 Kf7  1/2-1/2

[Event "Budapest FS03 GM"]
[Site "Budapest"]
[Date "1995.??.??"]
[Round "11"]
[White "Zemerov, Vladimir"]
[Black "Szekely, Peter"]
[Result "1/2-1/2"]
[WhiteElo "2430"]
[BlackElo "2455"]

1.c4 c5 2.Nf3 Nf6 3.Nc3 b6 4.e4 d6 5.d4 cxd4 6.Nxd4 Bb7 7.f3 e6 8.Be3 Be7
9.Be2 O-O 10.O-O a6 11.Qd2 Nbd7 12.Rac1 Rc8 13.Kh1 Re8 14.Rfd1 Bf8 15.Bg1 Qc7
16.Bf1 Qb8 17.Nc2 Red8 18.Qf2 g6 19.Ne3 Bg7 20.Rc2 Ne5 21.Rcd2 Qc7 22.Qh4 h6
23.f4 Nc6 24.Bd3 Re8 25.Bf2 Rcd8 26.Qh3 Nh5 27.Qg4 Nf6 28.Qh4 Rd7  1/2-1/2

[Event "Buenos Aires tt"]
[Site "Buenos Aires"]
[Date "1995.??.??"]
[Round "6"]
[White "Pappa, Domingo"]
[Black "German, Gustavo"]
[Result "0-1"]
[WhiteElo "2095"]
[BlackElo "2425"]

1.Nf3 Nf6 2.c4 c5 3.Nc3 b6 4.g3 Bb7 5.Bg2 e6 6.O-O Be7 7.b3 O-O 8.Bb2 a6
9.d4 cxd4 10.Qxd4 d6 11.Rfd1 Nbd7 12.Ng5 Bxg2 13.Kxg2 Qc7 14.Nge4 Rfd8 15.Rac1 Ne8
16.f3 Qb7 17.Nd2 b5 18.e4 Ne5 19.Ne2 Bf6 20.Qe3 Ng4 21.fxg4 Bxb2 22.Rc2 Ba3
23.g5 Bc5 24.Qf3 Rac8 25.Nf4 Rd7 26.Nf1 Bb6 27.Ne3 Rc5 28.Rf2 Re5 29.g6 hxg6
30.Nxg6 fxg6 31.Qf8+ Kh7 32.Qxe8 Rd8  0-1

[Event "Bytom op"]
[Site "Bytom"]
[Date "1995.??.??"]
[Round "?"]
[White "Helis, Tadeusz"]
[Black "Oliwa, Marek"]
[Result "0-1"]
[WhiteElo "2235"]
[BlackElo "2420"]

1.Nf3 c5 2.c4 Nf6 3.Nc3 b6 4.e4 d6 5.g3 Bb7 6.d3 g6 7.Bg2 Bg7 8.O-O O-O 9.Bd2 Nc6
10.Qc1 Nd7 11.Bh6 Nde5 12.Bxg7 Kxg7 13.Qd2 a6 14.Nh4 Nd4 15.f4 Nec6 16.e5 e6
17.Rf2 Rb8 18.exd6 Qxd6 19.Ne4 Qd7 20.Raf1 f6 21.g4 f5 22.gxf5 exf5 23.Nc3 Rbe8
24.Nf3 Nxf3+ 25.Bxf3 Qd4 26.Kg2 Re3 27.Rd1 Qxf4 28.Nd5 Qg5+ 29.Kh1 Nd4 30.Qxe3 Qxe3
31.Nxe3 Bxf3+ 32.Rxf3 Nxf3 33.Nd5 Rb8 34.Kg2 Ne5 35.b3 Kf7 36.Rd2 Rb7 37.d4 cxd4
38.Rxd4 g5 39.h3 Ke6 40.Rd2 b5 41.Nb4 bxc4 42.Nxa6 Ra7 43.Nc5+ Ke7 44.b4 Ra3
45.b5 Nd3 46.Na6 c3 47.Re2+ Kd6 48.Kf1 f4 49.Rc2 f3 50.Kg1 h5 51.Kf1 g4 52.hxg4 hxg4
53.Kg1 g3 54.Kf1 Nf4 55.Nb4 g2+  0-1

[Event "CAN-ch"]
[Site "CAN"]
[Date "1995.??.??"]
[Round "2"]
[White "Kiviaho, Bob"]
[Black "Stone, Raymond"]
[Result "1/2-1/2"]
[WhiteElo "2230"]
[BlackElo "2340"]

1.c4 Nf6 2.Nc3 c5 3.Nf3 e6 4.d4 cxd4 5.Nxd4 Nc6 6.e4 Bb4 7.Nxc6 dxc6 8.Qxd8+ Kxd8
9.Bd3 e5 10.Ke2 Ke7 11.Na4 Rd8 12.h3 Nd7 13.Be3 Nf8 14.a3 Ba5 15.b4 Bc7 16.Nc5 Ne6
17.Nxe6 Bxe6 18.a4 Rd7 19.Rhd1 Rad8 20.Rac1 Bb6 21.c5 Bc7 22.Rc3 a6 23.Rdc1 f6
24.b5 Ba5 25.bxc6 bxc6 26.Bxa6 Bxc3 27.Rxc3 Ra8 28.Bd3 Rxa4 29.f4 exf4 30.Bxf4 Rb7
31.Ke3 Rb3 32.Rxb3 Bxb3 33.e5 fxe5 34.Bxe5 g6 35.g3 Be6 36.Be4 Bd5 37.Bd3 Ke6
38.Bd6 Bg2 39.h4 Kd5 40.Bc2 Rb4 41.Bd1 Be4 42.Bg4 Bh1 43.Be2 Re4+ 44.Kd3 Re6
45.Bd1 Be4+ 46.Kc3 Rxd6 47.cxd6 Kxd6 48.Kd4 Bb1 49.Be2 h6 50.Bf3 c5+ 51.Kc4 Ba2+
52.Kc3 Ke5 53.Bg2 Bd5 54.Bf1 Be6 55.Bg2 Bd5 56.Bf1 Bb7 57.Bd3 Kf6 58.Bf1 g5
59.hxg5+ Kxg5 60.Bh3 Ba6 61.Bd7 Kf6 62.Bg4 Bb5 63.Bf3 Ke5 64.Bg2 Be2 65.Kd2  1/2-1/2

[Event "Cannes Martinez op"]
[Site "Cannes"]
[Date "1995.??.??"]
[Round "2"]
[White "Galmiche, Jean Maurice"]
[Black "Sallen, Laurent"]
[Result "0-1"]
[WhiteElo "2070"]
[BlackElo "2165"]

1.Nf3 c5 2.c4 Nf6 3.Nc3 e6 4.e4 d6 5.d4 cxd4 6.Nxd4 Be7 7.Be2 a6 8.O-O O-O
9.Be3 b6 10.Rc1 Bb7 11.f3 Nbd7 12.Qd2 Re8 13.Rfd1 Bf8 14.Bf2 Qc7 15.Kh1 Rad8
16.Qc2 g6 17.Qd2 Qb8 18.Bh4 Bg7 19.Bg5 Rc8 20.Nc2 Bf8 21.Qf4 d5 22.Qh4 Bg7
23.cxd5 exd5 24.exd5 Rxc3 25.bxc3 Rxe2 26.Nd4 Re8 27.c4 Qd6 28.h3 h5 29.Bf4 Qc5
30.Qg3 b5 31.Bd6 h4 32.Qh2 Qc8 33.cxb5 Qa8 34.Nc6 Nxd5 35.Rxd5 axb5 36.Ne7+ Rxe7
37.Bxe7 Bxd5 38.Qc7 Be6 39.Rd1 Be5 40.Qc1 Qxa2 41.Qc8+ Kg7 42.f4 Bxf4 43.Bxh4 b4
44.Qc6 b3 45.Qe4 Qc2 46.Qf3 b2 47.Qf1 Bxh3  0-1

[Event "Cannes Martinez"]
[Site "Cannes"]
[Date "1995.??.??"]
[Round "3"]
[White "Ivkov, Borislav"]
[Black "Dizdarevic, Emir"]
[Result "1-0"]
[WhiteElo "2460"]
[BlackElo "2465"]

1.Nf3 Nf6 2.c4 c5 3.Nc3 g6 4.d4 Bg7 5.e4 Qa5 6.Bd2 cxd4 7.Nxd4 Nc6 8.Nb3 Qd8
9.Be3 d6 10.Be2 O-O 11.O-O Be6 12.f3 Na5 13.Nd5 Nxd5 14.cxd5 Bd7 15.Nd4 Rc8
16.Rc1 e5 17.Nb5 Bxb5 18.Bxb5 a6 19.Bd3 b5 20.b3 Qd7 21.Qd2 Nb7 22.b4 Bf6
23.Rxc8 Rxc8 24.Rc1 Nd8 25.Rxc8 Qxc8 26.Qc2 Qd7 27.Kf1 Kg7 28.Bb6 h5 29.Qc7 Qxc7
30.Bxc7 Nb7 31.Ke2 Bd8 32.Bxd8 Nxd8 33.Kd2 Kf6 34.a4 bxa4 35.Bxa6 Ke7 36.Bc8 f6
37.b5 Nf7 38.b6 Kd8 39.Be6 Ng5 40.h4 Nh7 41.Kc3 Nf8 42.Kb4 g5 43.Bf5  1-0

[Event "Cannes Martinez op"]
[Site "Cannes"]
[Date "1995.??.??"]
[Round "9"]
[White "Couttet, Jean Marie"]
[Black "Rouchouse, Stevens"]
[Result "0-1"]
[WhiteElo "2070"]
[BlackElo "2190"]

1.Nf3 Nf6 2.c4 c5 3.Nc3 g6 4.e4 Nc6 5.d4 cxd4 6.Nxd4 Bg7 7.Be3 Ng4 8.Qxg4 Nxd4
9.Qd1 Ne6 10.Rc1 Qa5 11.a3 Qe5 12.Qd2 g5 13.Rd1 d6 14.Be2 Bd7 15.O-O Bc6
16.Bg4 h6 17.Bf5 Bf6 18.f3 Rg8 19.Bxe6 Qxe6 20.Nd5 Bxd5 21.cxd5 Qe5 22.Rf2 g4
23.Qb4 Bh4 24.Rc2 f5 25.Qxb7 Rd8 26.Bd4 Qf4 27.Rc8 Kf7 28.Rxd8 Rxd8 29.fxg4 Qxg4
30.Rf1 Qxe4 31.Qb4 Rg8 32.Qd2 Qxd5 33.Be3 Qe4 34.Bxa7 Rg6 35.a4 e5 36.a5 f4
37.b4 f3 38.g3 Bxg3 39.Qa2+ d5  0-1

[Event "Cappelle op"]
[Site "Cappelle la Grande"]
[Date "1995.??.??"]
[Round "1"]
[White "Vul, Arkadi Eremeevich"]
[Black "Van Beers, Eddy"]
[Result "1-0"]
[WhiteElo "2410"]
[BlackElo "2205"]

1.Nf3 Nf6 2.c4 c5 3.Nc3 d5 4.cxd5 Nxd5 5.e4 Nb4 6.Bc4 Nd3+ 7.Ke2 Nf4+ 8.Kf1 Ne6
9.d4 cxd4 10.Bxe6 Bxe6 11.Nxd4 Bc4+ 12.Kg1 Nc6 13.Nxc6 Qxd1+ 14.Nxd1 bxc6
15.Be3 e5 16.f3 Be7 17.b3 Be6 18.Rc1 O-O 19.Kf2 Rfc8 20.Bc5 Bg5 21.Rc2 Rd8
22.Nb2 Rd7 23.Rd1 Rxd1 24.Nxd1 Rd8 25.Nb2 f5 26.Be3 f4 27.Bc1 Bh4+ 28.Ke2 Rd6
29.Nd3 Bc8 30.Nxe5 Ba6+ 31.Nc4 Rg6 32.Kf1 Rd6 33.Rd2 Be7 34.Rxd6 Bxd6 35.Ke1 Bb4+
36.Bd2 Bxd2+ 37.Kxd2 Kf8 38.Ne5 Bf1 39.g3 fxg3 40.hxg3 h5 41.Nxc6  1-0

[Event "Cappelle op"]
[Site "Cappelle la Grande"]
[Date "1995.??.??"]
[Round "2"]
[White "Sarno, Spartaco"]
[Black "Shipov, Sergei"]
[Result "1/2-1/2"]
[WhiteElo "2410"]
[BlackElo "2510"]

1.c4 Nf6 2.Nc3 c5 3.Nf3 e6 4.g3 b6 5.Bg2 Bb7 6.O-O Be7 7.Re1 d6 8.e4 a6 9.d4 cxd4
10.Nxd4 Qc7 11.Be3 O-O 12.Rc1 Nbd7 13.f4 Rfe8 14.g4 Nc5 15.Bf2 g6 16.b4 Rad8
17.Qe2 Ncd7 18.Bf3 e5 19.Nd5 Qb8 20.Nxe7+ Rxe7 21.g5 Ne8 22.fxe5 Nxe5 23.Bg2 Ng7
24.Rc3 Rde8 25.Qd2 Nh5 26.Ne2 Ng4 27.Ng3 Nxf2 28.Nxh5 gxh5 29.Qxf2 Qc7 30.Qd4 Re5
31.h4 Qe7 32.Qxb6 Bxe4 33.Rce3 Bxg2 34.Rxe5 dxe5 35.Kxg2 Qd7 36.Re4 Qd2+
37.Qf2 Qxb4 38.Qe2 Rd8 39.Qxh5 Rd2+ 40.Re2 Qb2 41.Rxd2 Qxd2+ 42.Kg3 Qf4+
43.Kh3 Qxc4 44.Qd1 Qc3+ 45.Kg4 Qd4+ 46.Qxd4 exd4 47.Kf4 Kg7 48.Ke4 f6 49.gxf6+ Kxf6
50.Kxd4 Kf5 51.Kc5 Kg4 52.Kb6 Kxh4 53.Kxa6 Kg5 54.a4 h5 55.a5 h4 56.Kb7  1/2-1/2

[Event "Cappelle op"]
[Site "Cappelle la Grande"]
[Date "1995.??.??"]
[Round "2"]
[White "Giorgadze, Giorgi"]
[Black "Uskova, Fliura"]
[Result "1/2-1/2"]
[WhiteElo "2590"]
[BlackElo "2215"]

1.Nf3 Nf6 2.c4 c5 3.Nc3 e6 4.g3 b6 5.Bg2 Bb7 6.O-O Be7 7.Re1 a6 8.e4 d6 9.d4 cxd4
10.Nxd4 Qc7 11.b3 O-O 12.Bb2 Nbd7 13.Qe2 Rfe8 14.Rad1 Bf8 15.Nc2 Rec8 16.Rd2 Qb8
17.f4 b5 18.e5 Ne8 19.cxb5 axb5 20.Qxb5 Qa7+ 21.Kh1 Ba6 22.Qa4 Nc5 23.Qd4 dxe5
24.Qe3 exf4 25.gxf4 Bb7 26.Nd4 Bxg2+ 27.Rxg2 Qb7 28.f5 e5 29.Ndb5 Rd8 30.a4 Nd3
31.Qe4 Qb6 32.Rf1 Nf6 33.Qf3 Nf4  1/2-1/2

[Event "Cappelle op"]
[Site "Cappelle la Grande"]
[Date "1995.??.??"]
[Round "5"]
[White "Berg, Klaus"]
[Black "Dabrowska, Krystyna"]
[Result "1/2-1/2"]
[WhiteElo "2420"]
[BlackElo "2305"]

1.c4 c5 2.Nf3 Nf6 3.Nc3 e6 4.e3 Be7 5.d4 O-O 6.d5 exd5 7.cxd5 d6 8.Be2 Re8
9.O-O a6 10.a4 b6 11.Nd2 Nbd7 12.e4 Bf8 13.b3 g6 14.Bb2 Bg7 15.Qc2 Rb8 16.Rad1 Re7
17.f4 Ne8 18.Nf3 Ndf6 19.Bc1 Nc7 20.e5 Nfe8 21.Bd3 Bg4 22.exd6 Nxd6 23.h3 Bxf3
24.Rxf3 Qd7 25.f5 Bd4+ 26.Kh1 Rbe8 27.Ne2 Nxd5 28.Nxd4 cxd4 29.fxg6 hxg6
30.Qf2 Ne3 31.Rg1 Ne4 32.Qh4 Nc5 33.Bb1 Nxb3 34.Bb2 Rd8 35.Ba2 Nd2 36.Bxd4 Qxd4
37.Qxe7 Nxf3 38.Qxf7+ Kh8 39.Qxf3 Nf5 40.Bb1 Nh4 41.Qb3 Qf2 42.Qc3+ Kg8 43.Qc4+ Kh8
44.Be4 Rd4 45.Qxa6 Qe3 46.Bb1 Rd2 47.Qa8+ Kh7 48.Qe4 Qg3 49.Qc6 Qe3 50.Qe4 Qg3
51.Qc6 Qe3 52.Be4 Rd4 53.Bd5 Nf5 54.Bf7 Qg3 55.Qxb6 Rxa4 56.Qc6 Rh4 57.Bxg6+ Qxg6
58.Qxg6+ Kxg6 59.Kh2  1/2-1/2

[Event "Cappelle op"]
[Site "Cappelle la Grande"]
[Date "1995.??.??"]
[Round "5"]
[White "Razuvaev, Yuri S"]
[Black "Poluljahov, Aleksandr"]
[Result "1-0"]
[WhiteElo "2580"]
[BlackElo "2450"]

1.c4 c5 2.Nf3 Nf6 3.Nc3 b6 4.e4 d6 5.d4 cxd4 6.Nxd4 Bb7 7.Qe2 e6 8.g4 Nc6
9.Nxc6 Bxc6 10.Bf4 e5 11.Be3 Be7 12.f3 Nd7 13.O-O-O O-O 14.h4 a6 15.g5 b5
16.Nd5 bxc4 17.Qxc4 Bxd5 18.Qxd5 Nc5 19.Bxc5 Qc7 20.Kb1 dxc5 21.Qd7 Rfc8
22.Bc4 Qxd7 23.Rxd7 Kf8 24.Bd5 Rd8 25.Rb7 Rab8 26.Ra7 Rb6 27.Kc2 Rbd6 28.Rf1 R8d7
29.Ra8+ Rd8 30.Rxd8+ Bxd8 31.f4 exf4 32.Rxf4 f6 33.h5 Ke7 34.h6 gxh6 35.gxh6 f5
36.Rxf5 Rxh6 37.e5 Rh2+ 38.Kd3 Ke8 39.e6 Be7 40.Bc6+ Kd8 41.Rd5+ Kc7 42.Ba4 Kb6
43.Rd7 Bg5 44.Rg7 c4+ 45.Kxc4 Rh4+ 46.Kb3 Bf6 47.Rf7  1-0

[Event "Cappelle op"]
[Site "Cappelle la Grande"]
[Date "1995.??.??"]
[Round "5"]
[White "Sturua, Zurab"]
[Black "Sarno, Spartaco"]
[Result "1/2-1/2"]
[WhiteElo "2550"]
[BlackElo "2410"]

1.Nf3 Nf6 2.c4 c5 3.Nc3 d5 4.cxd5 Nxd5 5.g3 Nc6 6.Bg2 Nc7 7.O-O e5 8.d3 Be7
9.Nd2 Bd7 10.Nc4 O-O 11.f4 exf4 12.Bxf4 Ne6 13.Bd2 Rc8 14.Rc1 Ned4 15.Rf2 Be6
16.b3 b6 17.Qf1 Nb4 18.Rd1 Nd5 19.e3 Nc6 20.Nxd5 Bxd5 21.Bh3 Rc7 22.Bc1  1/2-1/2

[Event "Cappelle op"]
[Site "Cappelle la Grande"]
[Date "1995.??.??"]
[Round "7"]
[White "Razuvaev, Yuri S"]
[Black "Notkin, Maksim"]
[Result "1/2-1/2"]
[WhiteElo "2580"]
[BlackElo "2485"]

1.c4 Nf6 2.Nc3 c5 3.Nf3 e6 4.g3 b6 5.Bg2 Bb7 6.O-O Be7 7.Re1 d6 8.e4 a6 9.d4 cxd4
10.Nxd4 Qc7 11.b3 O-O 12.Bb2 Nc6 13.Rc1 Nxd4 14.Qxd4 Rab8 15.h3 Rfe8 16.Kh2 Bf8
17.Qd2 Ba8 18.Nd1 Nd7 19.Bd4 Rbc8 20.Nc3 Qb8 21.Na4 Nc5 22.Nb2 Nd7 23.Bc3 Red8
24.Nd3  1/2-1/2

[Event "Cappelle op"]
[Site "Cappelle la Grande"]
[Date "1995.??.??"]
[Round "8"]
[White "Tregubov, Pavel V"]
[Black "Rovid, Kalman"]
[Result "1-0"]
[WhiteElo "2515"]
[BlackElo "2385"]

1.Nf3 Nf6 2.c4 c5 3.Nc3 d5 4.cxd5 Nxd5 5.g3 g6 6.Qb3 Nb4 7.a3 Be6 8.Qd1 Nd5
9.Ng5 Nxc3 10.bxc3 Bd5 11.e4 Bc6 12.Qf3 f6 13.Ne6 Qd6 14.Bc4 Nd7 15.d4 cxd4
16.cxd4 Ne5 17.dxe5 Qxe5 18.O-O Qxa1 19.Nc7+ Kd8 20.Bf4 Qb2 21.Rd1+ Kc8 22.Be6+ Kb8
23.Na6+  1-0

[Event "Ceske Budejovice op"]
[Site "Ceske Budejovice"]
[Date "1995.??.??"]
[Round "2"]
[White "Jurka, Miroslav"]
[Black "Hausner, Ivan"]
[Result "1/2-1/2"]
[WhiteElo "2335"]
[BlackElo "2455"]

1.Nf3 c5 2.c4 Nf6 3.Nc3 d5 4.cxd5 Nxd5 5.e4 Nxc3 6.dxc3 Qxd1+ 7.Kxd1 e6 8.Bf4 Nd7
9.Kc2 f6 10.Nd2 Be7 11.a4 e5 12.Be3 Nf8 13.Bb5+ Bd7 14.Nc4 O-O-O 15.Rhd1 Be6
16.a5 Ng6 17.a6 b6 18.b4 Kc7 19.bxc5 Bxc5 20.Bxc5 bxc5 21.Ne3 Ne7 22.Rdb1 Rb8
23.Bc4 Bxc4 24.Nxc4 Nc6 25.Rd1 Rhd8 26.Rd5 Rxd5 27.exd5 Nd8 28.Ra5 Kd7 29.Rxc5 Nf7
30.f3 h5 31.Na3 Nd6 32.c4 Rb4 33.Kc3 Ra4 34.Nb5 Rxa6 35.Rc7+ Kd8 36.Rxg7 Nxb5+
37.cxb5 Rb6 38.Kc4 a6 39.bxa6 Rxa6 40.Kb5 Ra2 41.Kc5 Ra5+ 42.Kc6 Ra6+ 43.Kb5 Ra2
44.h4 Rc2 45.d6 f5 46.Rf7 e4 47.Rxf5 exf3 48.gxf3 Kd7 49.Rf6 Rc1 50.Rh6 Rc2
51.f4 Rc1 52.f5 Rf1 53.Rxh5 Kxd6  1/2-1/2

[Event "Copenhagen"]
[Site "Copenhagen"]
[Date "1995.??.??"]
[Round "3"]
[White "Shabtai, Ran"]
[Black "Stein, Bernd"]
[Result "1-0"]
[WhiteElo "2330"]
[BlackElo "2365"]

1.c4 c5 2.Nc3 Nf6 3.Nf3 d5 4.cxd5 Nxd5 5.d4 cxd4 6.Qxd4 Nxc3 7.Qxc3 Nc6 8.e4 e6
9.Bd2 Qb6 10.Be2 Bc5 11.Qxg7 Bxf2+ 12.Kf1 Rf8 13.Bh6 Bc5 14.Rd1 Bd7 15.Qxh7 O-O-O
16.Bxf8 Rxf8 17.Qg7 e5 18.Rd2 Be6 19.g4 Qb4 20.Rc2 Bxa2 21.Kg2 f5 22.Rxc5 Qxc5
23.Rc1 Qd6 24.Qxe5 Qxe5 25.Nxe5 fxe4 26.Nxc6 bxc6 27.Rxc6+ Kd7 28.Bb5 Ke7
29.Bc4 Bb1 30.Re6+ Kd7 31.Re5 Kd6 32.Rd5+ Kc6 33.Rd1 Kc5 34.b3  1-0

[Event "Copenhagen op17"]
[Site "Copenhagen"]
[Date "1995.??.??"]
[Round "7"]
[White "Holmsgaard, Henrik"]
[Black "Barkhagen, Jonas"]
[Result "1/2-1/2"]
[WhiteElo "2275"]
[BlackElo "2400"]

1.c4 Nf6 2.Nc3 c5 3.Nf3 d5 4.cxd5 Nxd5 5.e4 Nb4 6.Bb5+ Bd7 7.a3 N4c6 8.d4 cxd4
9.Nxd4 Nxd4 10.Qxd4 Nc6 11.Qe3 e6 12.Qg3 f6 13.O-O Nd4 14.Bxd7+ Qxd7 15.e5 Rc8
16.Qh3 fxe5 17.Qh5+ g6 18.Qxe5 Bg7 19.Qe4 O-O 20.Be3 e5 21.Rad1 Qf7 22.f3 Rxc3
23.bxc3 Ne2+ 24.Kh1 Nxc3 25.Qc2 Nxd1 26.Bxa7 Ra8 27.Bb6 Qe6 28.Bg1 Rxa3 29.Rxd1 Ra8
30.Qc7 Qc6 31.Qxc6 bxc6 32.g3 Rc8 33.Bc5 Bf8 34.Rc1 Bg7 35.Kg2 Kf7 36.Rb1 Rc7
37.Kf2 Ke6 38.Rd1 Rd7 39.Rxd7 Kxd7 40.Ke3 Ke6 41.Ke4 Bf6 42.Bb4 Bd8 43.Bc3 Bc7
44.h4 Bd6 45.Bb2 c5 46.Bc3 c4 47.Bb2 h5 48.g4 Be7 49.gxh5 gxh5 50.Bxe5 Bxh4
51.f4 Bf6 52.f5+ Ke7 53.Bf4 Kd7 54.Bd2 Kc6 55.Be1 h4 56.Kf3 Kd5 57.Kg4 Ke4
58.Bb4 Ke3 59.Be1 Ke4 60.Bb4 h3 61.Kxh3 Kxf5 62.Kg2 Ke4 63.Kf2 Kd3 64.Kf1 Bc3
65.Bd6 Bd4 66.Bb4 Kc2 67.Ke2 Kb3 68.Ba5 Bc3 69.Bc7 Bd4 70.Ba5 Bc5 71.Kd1 Bb4
72.Bxb4 Kxb4 73.Kc2 c3  1/2-1/2

[Event "ESP-chT"]
[Site "Cordoba"]
[Date "1995.??.??"]
[Round "4"]
[White "Reales Murto, Manuel J"]
[Black "Alvarez Ibarra, D Rafael"]
[Result "0-1"]
[WhiteElo "2265"]
[BlackElo "2445"]

1.Nf3 Nf6 2.c4 c5 3.Nc3 g6 4.g3 Bg7 5.Bg2 O-O 6.O-O Nc6 7.d4 cxd4 8.Nxd4 Ng4
9.Nb3 b6 10.Bg5 Nge5 11.c5 bxc5 12.Nxc5 Rb8 13.Qc1 d6 14.N5e4 Re8 15.b3 f5
16.Nd2 Nd4 17.Nc4 Nxc4 18.Bd5+ Be6 19.bxc4 Bxd5 20.cxd5 Rc8 21.Kg2 Qa5 22.Bd2 Nxe2  0-1

[Event "ESP-chT"]
[Site "Cordoba"]
[Date "1995.??.??"]
[Round "8"]
[White "Suba, Mihai"]
[Black "De la Villa Garcia, Jesus Maria"]
[Result "1/2-1/2"]
[WhiteElo "2475"]
[BlackElo "2490"]

1.c4 c5 2.Nf3 Nf6 3.Nc3 d5 4.cxd5 Nxd5 5.g3 Nc6 6.Bg2 Nc7 7.Qa4 Bd7 8.Qe4 g6
9.Ne5 Bg7 10.Nxd7 Qxd7 11.O-O O-O 12.a3 Rac8 13.b4 Ne6 14.Rb1 b6 15.f4 Ncd4
16.e3 cxb4 17.Rxb4 Nc6 18.Rc4 Nc5 19.Qd5 Qxd5 20.Nxd5 e6 21.Nxb6 axb6 22.Bxc6 Rxc6
23.d4 Rfc8 24.dxc5 Rxc5 25.Rxc5 Rxc5 26.Rd1 Rc2 27.e4 Bf8 28.Be3 Bc5 29.Bxc5 bxc5
30.Rd8+ Kg7 31.Rc8 h6 32.a4 Ra2 33.Rxc5 Rxa4 34.Re5 Kf6 35.h4 h5  1/2-1/2

[Event "Crailsheim op 1st"]
[Site "Crailsheim"]
[Date "1995.??.??"]
[Round "?"]
[White "Taudte, Stefan"]
[Black "Martynov, Pavel"]
[Result "0-1"]
[WhiteElo "2150"]
[BlackElo "2420"]

1.Nf3 Nf6 2.c4 c5 3.Nc3 e6 4.d4 d5 5.Bg5 cxd4 6.Nxd4 Be7 7.e3 O-O 8.cxd5 Nxd5
9.Bxe7 Nxe7 10.g3 e5 11.Nb3 Qb6 12.Bg2 Rd8 13.Qf3 Nbc6 14.O-O Be6 15.Na4 Qb5
16.Nac5 Bc4 17.Rfd1 a5 18.Ne4 a4 19.Nbc5 f5 20.Nxb7 fxe4 21.Qxe4 Bd5 22.Qg4 Qxb7
23.Bxd5+ Nxd5 24.Qe6+ Kh8 25.Rxd5 Rxd5 26.Qxd5 Qxb2 27.Rd1 Qb7 28.Rc1 Rc8
29.Qe4 Qa6 30.a3 Qb5 31.Qf5 Rd8 32.Qg5 h6 33.Qh4 Rf8 34.Qc4 Na7 35.Qc5 Rc8  0-1

[Event "CZE-chT 9495"]
[Site "?"]
[Date "1995.??.??"]
[Round "10"]
[White "Mudrak, Josef"]
[Black "Knazovcik, Ladislav"]
[Result "0-1"]
[WhiteElo "2315"]
[BlackElo "2310"]

1.c4 Nf6 2.Nc3 c5 3.Nf3 g6 4.d4 Bg7 5.e4 cxd4 6.Nxd4 O-O 7.Be2 Nc6 8.Be3 d6
9.O-O Bd7 10.Rc1 a6 11.f3 Rb8 12.c5 dxc5 13.Nxc6 Bxc6 14.Bxc5 Nd7 15.Be3 Rc8
16.b4 e6 17.a4 Nb8 18.b5 Bd7 19.Qb3 Qa5 20.Nb1 Rxc1 21.Rxc1 Rc8 22.Rxc8+ Bxc8
23.Nd2 axb5 24.Bxb5 Qd8 25.Qc4 Nd7 26.Qd3 Qc7 27.Nc4 Bf8 28.f4 Nc5 29.Qd4 Bd7
30.e5 Bxb5 31.axb5 Nd7 32.Nd6 Bxd6 33.exd6 Qa5 34.h3 Qxb5 35.Qc3 Qc6 36.Qa3 Kg7
37.Bd2 Qc5+ 38.Qxc5 Nxc5 39.Kf1 Kf8 40.Bc3 Ke8 41.Ke2 Kd7 42.Be5 Ne4 43.Kf3 Nxd6
44.Kg4 f5+ 45.Kf3 Kc6 46.Ke2 Kd5 47.Kd3 Ne4 48.Bg7 Nc5+ 49.Kc3 h5 50.Bf8 Nd7
51.Be7 Ke4 52.Bg5 Nb6 53.Kd2 Nd5  0-1

[Event "CZE-chT1c 9495"]
[Site "?"]
[Date "1995.??.??"]
[Round "3"]
[White "Nedela, Vlastimil"]
[Black "Mikulcik, Ladislav"]
[Result "1-0"]
[WhiteElo "2435"]
[BlackElo "2305"]

1.c4 Nf6 2.Nc3 c5 3.Nf3 d5 4.cxd5 Nxd5 5.e4 Nb4 6.Bb5+ Bd7 7.a3 N4c6 8.d4 cxd4
9.Nxd4 Nxd4 10.Qxd4 Nc6 11.Qe3 a6 12.Bxc6 Bxc6 13.Qg3 Qd7 14.O-O g6 15.Rd1 Qe6
16.Nd5 Bxd5 17.exd5 Rd8 18.Bg5 Qd6 19.Bf4 Qd7 20.Qc3 f6 21.Bc7 Rc8 22.d6 Bg7
23.Qb3 b5 24.dxe7 Qxc7 25.Qe6 Qc2 26.Qd7+  1-0

[Event "CZE-chT2"]
[Site "?"]
[Date "1995.??.??"]
[Round "?"]
[White "Tichy, Vladimir"]
[Black "Trapl, Jindrich"]
[Result "1/2-1/2"]
[WhiteElo "2375"]
[BlackElo "2360"]

1.c4 c5 2.Nf3 Nf6 3.Nc3 d5 4.cxd5 Nxd5 5.d4 Nxc3 6.bxc3 g6 7.g3 Qa5 8.Bd2 Bg7
9.Bg2 O-O 10.O-O Nd7 11.Qb3 Qa6 12.Rfe1 Nb6 13.e4 Bg4 14.d5 Nc4 15.Bg5 f6
16.Bf4 e5 17.dxe6 Bxe6 18.Qc2 g5 19.Bc1 h6 20.Bf1 Qc6 21.Nd2 Ne5 22.f4 gxf4
23.gxf4 c4 24.fxe5 fxe5 25.Nxc4 Bxc4 26.Bxc4+ Qxc4 27.Qb3 Rac8 28.Qxb7 Rc6
29.Qb3 Qxb3 30.axb3 Rxc3 31.Rxa7  1/2-1/2

[Event "CZE-chT2a 9596"]
[Site "CZE"]
[Date "1995.??.??"]
[Round "?"]
[White "Fiedler, Bedrich"]
[Black "Chmelik, Jiri"]
[Result "1-0"]
[WhiteElo "2145"]
[BlackElo "2155"]

1.Nf3 c5 2.c4 Nf6 3.Nc3 b6 4.g3 Bb7 5.Bg2 e6 6.O-O Nc6 7.d4 Nxd4 8.Nxd4 Bxg2
9.Kxg2 cxd4 10.Qxd4 Qc8 11.b3 Be7 12.Bb2 O-O 13.Rfd1 Rd8 14.f3 d6 15.e4 Qc6
16.Rd2 Rd7 17.Rad1 Rad8 18.Qe3 Ne8 19.h4 Bf6 20.Kh3 a6 21.f4 b5 22.c5 b4
23.Na4 Bxb2 24.Nxb2 Nf6 25.Rxd6 Rxd6 26.Rxd6 Rxd6 27.cxd6 Kf8 28.Qa7 Qxd6
29.e5 Qd7 30.Qc5+  1-0

[Event "CZE-chT2a 9596"]
[Site "CZE"]
[Date "1995.??.??"]
[Round "?"]
[White "Pacovsky, Jiri"]
[Black "Hrbolka, Ladislav"]
[Result "0-1"]
[WhiteElo "2285"]
[BlackElo "2255"]

1.c4 Nf6 2.Nc3 c5 3.Nf3 b6 4.g3 Bb7 5.Bg2 g6 6.b3 Bg7 7.Bb2 O-O 8.O-O d6
9.d4 cxd4 10.Nxd4 Bxg2 11.Kxg2 Qd7 12.e3 Na6 13.f4 Nc5 14.Qf3 e5 15.Ndb5 e4
16.Qe2 a6 17.Nd4 Rfe8 18.Rad1 Rad8 19.Ba1 d5 20.f5 Nd3 21.fxg6 fxg6 22.Rxf6 Bxf6
23.Nxd5 Bg7 24.Nxb6 Qb7 25.Nd5 Rf8 26.Qg4 Rde8 27.Nf4 Nxf4+ 28.gxf4 Qb6 29.h4 a5
30.Qd7 Bf6 31.Qd5+ Kh8 32.Rh1 Qb4 33.Ne6 Qb6 34.Nd4 a4 35.h5 gxh5 36.Qxh5 Re7
37.Kf2 axb3 38.axb3 Rd7 39.Qh6 Rff7 40.Nf5 Rd2+ 41.Ke1 Ra2 42.Bxf6+ Qxf6
43.Nd4 Qxh6 44.Rxh6 Rg7 45.Kf1 Rgg2 46.Rb6 Rgb2 47.Rb8+ Kg7 48.Rb7+ Kf6 49.Rb6+ Kf7
50.Rb7+ Ke8  0-1

[Event "Debrecen-ch"]
[Site "Debrecen"]
[Date "1995.??.??"]
[Round "6"]
[White "Mate, Laszlo"]
[Black "Menyhart, Tibor"]
[Result "1-0"]
[WhiteElo "2345"]
[BlackElo "2225"]

1.c4 c5 2.Nf3 Nf6 3.Nc3 e6 4.d4 cxd4 5.Nxd4 Nc6 6.g3 Qb6 7.Nb3 Ne5 8.e4 Bb4
9.Qe2 a5 10.f4 Neg4 11.e5 Ne4 12.Qxe4 Qf2+ 13.Kd1 a4 14.Nd4 d5 15.cxd5 exd5
16.Qd3 Bd7 17.h3 a3 18.Nc2 axb2 19.Bxb2 d4 20.Nd5 Ne3+ 21.Ndxe3 Bc6 22.Ng4 Bf3+
23.Be2 Bxg4 24.hxg4 Bc3 25.Bxc3 dxc3 26.Qe3 Rd8+ 27.Kc1 Qg2 28.Bf3 Qxg3 29.Bc6+  1-0

[Event "Decin op"]
[Site "Decin"]
[Date "1995.??.??"]
[Round "3"]
[White "Havrlik, Pavel"]
[Black "Hatanbaatar, Bazar"]
[Result "0-1"]
[WhiteElo "2135"]
[BlackElo "2440"]

1.c4 Nf6 2.Nc3 c5 3.Nf3 e6 4.e4 d6 5.g3 b6 6.d4 cxd4 7.Nxd4 Bb7 8.Bg2 a6
9.O-O Qc7 10.Qd3 Be7 11.b3 O-O 12.Nde2 Re8 13.Rd1 Nbd7 14.Be3 Rac8 15.Rac1 Qb8
16.Bd4 Bf8 17.h3 h5 18.Qe3 Ba8 19.Qg5 e5 20.Be3 Be7 21.Qh4 Nxe4 22.Qxh5 Ndf6
23.Qh4 Nd5 24.Qg4 Ndf6 25.Qh4 d5 26.Nxe4 Nxe4 27.Qg4 Nf6 28.Qh4 Nh7 29.Qg4 d4
30.Bh6 Bf8 31.Bd2 Bxg2 32.Kxg2 Qb7+ 33.Kg1 a5 34.h4 Nf6 35.Qh3 Qf3 36.Kf1 Ng4
37.Qg2 Qf5 38.f3 d3 39.Nc3 e4 40.Bf4 exf3 41.Qd2 Re2 42.Qxd3 Nh2+ 43.Kg1 Rg2+
44.Kh1 Qh3 45.Qd7 Ng4+  0-1

[Event "Decin op"]
[Site "Decin"]
[Date "1995.??.??"]
[Round "5"]
[White "Pushkov, Nikolai"]
[Black "Hatanbaatar, Bazar"]
[Result "1/2-1/2"]
[WhiteElo "2515"]
[BlackElo "2440"]

1.Nf3 Nf6 2.c4 c5 3.Nc3 e6 4.g3 b6 5.Bg2 Bb7 6.O-O a6 7.d4 cxd4 8.Qxd4 d6
9.Bg5 Nbd7 10.Nd2 Bxg2 11.Kxg2 Qc7 12.Nde4 Qc6 13.f3 Nxe4 14.Nxe4 Nc5 15.Nf2 f6
16.Be3 Be7 17.b4 Nd7 18.Nd3 Kf7 19.a4 a5 20.b5 Qb7 21.Rac1 Nc5 22.Nxc5 dxc5
23.Qg4 h5 24.Qf4 g5 25.Qe4 Qxe4 26.fxe4 Kg6 27.h3 Rad8 28.Rcd1 Rxd1 29.Rxd1 Rd8
30.Rd3 Rxd3 31.exd3 e5 32.Kf3 Bd6  1/2-1/2

[Event "Decin op"]
[Site "Decin"]
[Date "1995.??.??"]
[Round "7"]
[White "Tolstikh, Nikolay"]
[Black "Jigjidsuren, Purev"]
[Result "1-0"]
[WhiteElo "2405"]
[BlackElo "2295"]

1.Nf3 Nf6 2.c4 c5 3.Nc3 e6 4.g3 b6 5.Bg2 Bb7 6.O-O Be7 7.Re1 O-O 8.e4 d6
9.d4 cxd4 10.Nxd4 Ne8 11.Be3 Nd7 12.Rc1 Rc8 13.b3 Qc7 14.f4 Qb8 15.f5 e5
16.Nc2 Nef6 17.Bf2 Qa8 18.Qe2 a6 19.Nb4 Nc5 20.Nd3 Bc6 21.Nxc5 dxc5 22.g4 Nd7
23.h4 f6 24.Be3 Nb8 25.g5 Be8 26.Nd5 Qb7 27.Kh1 Nc6 28.Rg1 Nd4 29.Qg4 Bd8
30.Bh3 Bc6 31.Rg2 Bxd5 32.exd5 Rc7 33.Rcg1 b5 34.Qe4 Rd7 35.h5 fxg5 36.Bxg5 Bxg5
37.Rxg5 Rf6 38.Qxe5 Rdf7 39.h6 Rxh6 40.Rxg7+  1-0